Statistics for Los Angeles Clippers Quiz

Click here to take the quiz!

General Stats

  • This quiz has been taken 46 times
  • The average score is 14 of 19

Answer Stats

Answer % Correct
Western
98%
0
95%
White
95%
Black
95%
Spanish Crimson
95%
Spanish Blue
95%
2
93%
Doc Rivers
88%
Staples Center
88%
Los Angeles, California
83%
Pacific
83%
San Diego
75%
1970
73%
Buffalo
70%
Steve Ballmer
53%
Bumble
50%
Lawrence Frank
20%
Agua Caliente Clippers
13%
Michael Winger
10%

Score Distribution

Percentile by Number Answered

Percent of People with Each Score

Your Score History

You have not taken this quiz